000
00321nam a2200109Ia 4500
008
171211s9999 xx 000 0 und d
020
_a
9781118904718
100
_a
Birchard, Katherine R.
245
_a
Critical Observation in Radiology for Medical Students
260
_b
John Wiley & Sons, Ltd
_c
2015
300
_a
253 pages
999
_c
350947
_d
350947